practicolarousse ilustrado 2 / Ramon Garcia Pelayo & Gross (Registro nro. 47773)
[ vista simple ]
| 000 -LÍDER | |
|---|---|
| Campo fijo de descripción fija | 003360000a22001210004500 |
| 020 ## - NÚMERO INTERNACIONAL NORMALIZADO PARA LIBROS | |
| Número Internacional Normalizado del libro | 958-08-0028-6 |
| 001 - NÚMERO DE CONTROL | |
| Campo de control | 564 |
| 100 1# - ASIENTO PRINCIPAL--NOMBRE PERSONAL | |
| Nombre personal | Garcia Pelayo, Ramón |
| 245 10 - TÍTULO | |
| Título del Material | practicolarousse ilustrado 2 / Ramon Garcia Pelayo & Gross |
| 260 ## - PUBLICACIÓN, DISTRIBUCIÓN, ETC. (PIE DE IMPRENTA) | |
| Lugar de publicación, distribución, etc. | [ s.l. ] Circulo de Lectores |
| 300 ## - DESCRIPCIÓN FÍSICA | |
| Extensión | 181-366 |
| 500 ## - NOTA GENERAL | |
| Nota General | Numeración consecutiva por volumen |
No hay ítems disponibles.
